Crisis y recomposición social : Nueva España en el tránsito del siglo XVI al XVII /

Gespeichert in:
Bibliographische Detailangaben
1. Verfasser: Alba Pastor, Ma. (María) (VerfasserIn)
Format: Elektronisch E-Book
Sprache:Spanisch
Veröffentlicht: Ciudad de México : Universidad Nacional Autónoma de México, Facultad de Filosofía y Letras : Fondo de Cultura Económica, 2024.
Ausgabe:Primera edición en libro electrónico.
Schriftenreihe:Sección de obras de historia.
Schlagworte:
Online-Zugang:Digitalia Hispánica
Tags: Tag hinzufügen
Keine Tags, Fügen Sie den ersten Tag hinzu!

MARC

LEADER 00000nam a2200000Ii 4500
001 DIGFCE2632
003 NyNyDIG
006 m o d
007 cr |||||||||||
008 250204s2024 mx ob 000 0 spa d
035 |a (OCoLC)1477071383 
040 |a DGITA  |b eng  |e rda  |e pn  |c DGITA 
020 |a 9786071685124  |q (ePub) 
020 |a 9786071685209  |q (mobi) 
020 |z 9789681655518  |q (rústico) 
043 |a n-mx--- 
050 1 4 |a HN113 ebook 
100 1 |a Alba Pastor, Ma.  |q (María),  |e author. 
245 1 0 |a Crisis y recomposición social :  |b Nueva España en el tránsito del siglo XVI al XVII /  |c María Alba Pastor. 
246 3 0 |a Nueva España en el tránsito del siglo XVI al XVII 
246 3 |a Nueva España en el tránsito del siglo 16 al 17 
246 3 |a Nueva España en el tránsito del siglo dieciséis al diecisiete 
250 |a Primera edición en libro electrónico. 
264 1 |a Ciudad de México :  |b Universidad Nacional Autónoma de México, Facultad de Filosofía y Letras :  |b Fondo de Cultura Económica,  |c 2024. 
300 |a 1 online resource. 
336 |a text  |b txt  |2 rdacontent 
337 |a computer  |b c  |2 rdamedia 
338 |a online resource  |b cr  |2 rdacarrier 
347 |a text file  |2 rdaft 
347 |b EPUB 
490 1 |a Sección de obras de historia 
504 |a Includes bibliographical references. 
588 0 |a Online resource; title from ePub title page (Digitalia, viewed February 4, 2025) 
651 0 |a New Spain  |x Social conditions. 
791 2 |a Digitalia (Firm),  |e distributor. 
793 0 |g Digitalia eBook Collection:  |a Fondo de Cultura Económica 
776 0 8 |i Print version:  |a Alba Pastor, Ma. (María).  |t Crisis y recomposición social.  |b Primera edición.  |d Ciudad de México : Universidad Nacional Autónoma de México, Facultad de Filosofía y Letras : Fondo de Cultura Económica, 1999  |z 9789681655518 
830 0 |a Sección de obras de historia. 
856 4 0 |3 Digitalia Hispánica  |u https://digitalia.unach.elogim.com/a/161615/ 
910 |a Premium collection: 2025